000 00672cam a2200229 4500
001 B2580
008 090401t1989 xxu||||| |||| 00| 0 eng d
035 _a(Sirsi) u50975
041 _aeng
050 _a368.5
090 _aRICS 1989/70ABC
110 _aRoyal Institution of Chartered Surveyors
_94900
245 _aCompulsory professional indemnity insurance bye-law and regulations
260 _aLondon
_bRoyal Institution of Chartered Surveyors
_c1989
300 _a5p. ; 30cm.
350 _a0
650 _aABOUT RICS-RICS MEMBERS
650 _aCOMPULSORY PROFESSIONAL INDEMNITY INSURANCE
650 _aInsurance
_96249
942 _n0
948 _c04/03/1997
999 _c92786
_d92786